| 000 | 00000nam##2200000za#4500 |
| 001 | 9.643618 |
| 003 | CaOODSP |
| 005 | 20250506145323 |
| 007 | cr ||||||||||| |
| 008 | 150407|1979||||xxc|||||o f|0| 0 fre|d |
| 040 | |aCaOODSP|bfre |
| 043 | |an-cn--- |
| 086 | 1 |aA15-5113/1979F-PDF |
| 110 | 1 |aCanada.|bAgriculture Canada. |
| 245 | 10|aL'agriculture à votre table |h[ressource électronique] |
| 260 | |aOttawa - Ontario : |bAgriculture Canada |c1978, révision 1979. |
| 300 | |a12p.|bill. |
| 500 | |aPublication historique numérisée par Agriculture et Agroalimentaire Canada. |
| 590 | |a15-01-Supp|b2015-01-26 |
| 691 | 07|aIndustrie agro-alimentaire|2gcpds |
| 775 | 08|tAgriculture is food |w(CaOODSP)9.699642 |
| 856 | 40|ahttp://publications.gc.ca|qPDF|s808 Ko|uhttps://publications.gc.ca/collections/collection_2014/aac-aafc/agrhist/A15-5113-1979-fra.pdf |
| 986 | |a5113 |